[Event "51st World Juniors"]
[Site "Athens GRE"]
[Date "2012.08.05"]
[Round "4.8"]
[White "Ivekovic, Zvonimir"]
[Black "Grandelius, Nils"]
[Result "0-1"]
[BlackTitle "GM"]
[WhiteElo "2320"]
[BlackElo "2562"]
[WhiteFideId "14511320"]
[BlackFideId "1710400"]
[EventDate "2012.08.02"]

1. e4 c5 2. Nf3 d6 3. d4 cxd4 4. Nxd4 Nf6 5. Nc3 a6 6. Bg5 e6 7. Bc4 Be7 8. f4
h6 9. Bxf6 Bxf6 10. Qd3 Nd7 11. O-O-O Nc5 12. Qe2 Qc7 13. Kb1 Bd7 14. Rhe1 O-O
15. Bb3 b5 16. e5 dxe5 17. fxe5 Be7 18. Ne4 Qxe5 19. Nxc5 Qxc5 20. Nf3 Rfd8 21.
Rxd7 Rxd7 22. Ne5 Rd6 23. Nxf7 Kxf7 24. Qf3+ Bf6 25. Qb7+ Kg6 26. Qxa8 Qe5 0-1

[Event "51st World Juniors"]
[Site "Athens GRE"]
[Date "2012.08.05"]
[Round "4.9"]
[White "Rapport, Richard"]
[Black "Kigel, Dmytro"]
[Result "1-0"]
[WhiteTitle "GM"]
[BlackTitle "FM"]
[WhiteElo "2605"]
[BlackElo "2276"]
[WhiteFideId "738590"]
[BlackFideId "14117932"]
[EventDate "2012.08.02"]

1. d4 Nf6 2. c4 e6 3. Nc3 Bb4 4. e3 b6 5. Ne2 Ba6 6. Ng3 Qe7 7. Bd3 c5 8. O-O
Bxc3 9. bxc3 Nc6 10. e4 O-O 11. Re1 d6 12. e5 dxe5 13. dxe5 Nd7 14. Bf4 f5 15.
exf6 Qxf6 16. Nh5 Qf7 17. Qg4 Nf6 18. Nxf6+ Qxf6 19. Be4 e5 20. Bg3 Bc8 21. Qh5
g6 22. Qh6 1-0

[Event "51st World Juniors"]
[Site "Athens GRE"]
[Date "2012.08.05"]
[Round "4.10"]
[White "Dimitrov, Radoslav"]
[Black "Zherebukh, Yaroslav"]
[Result "0-1"]
[WhiteTitle "IM"]
[BlackTitle "GM"]
[WhiteElo "2424"]
[BlackElo "2629"]
[WhiteFideId "2908549"]
[BlackFideId "14116804"]
[EventDate "2012.08.02"]

1. c4 f5 2. Nc3 Nf6 3. Nf3 g6 4. g3 Bg7 5. Bg2 O-O 6. O-O d6 7. d3 e5 8. Rb1 h6
9. b4 Nc6 10. b5 Ne7 11. Nd2 g5 12. Qb3 Kh8 13. Nd5 Nexd5 14. cxd5 f4 15. a4 Qe8
16. Qc4 Bg4 17. Re1 Qh5 18. Ba3 Rf7 19. d4 Bf5 20. dxe5 fxg3 21. hxg3 Ng4 22.
Nf3 Bxb1 23. Rxb1 Nxe5 24. Nxe5 Bxe5 25. Bc1 Qg6 26. Be4 Qf6 27. Be3 Re8 28. Kg2
Kg8 29. Bf3 Ree7 30. Rh1 Kg7 31. a5 b6 32. a6 Rf8 33. Qd3 Bb2 34. Rb1 Qc3 35.
Qd1 Kg8 36. Rxb2 Qxb2 37. Bd4 Qxb5 38. Qc2 Qe8 39. Ba1 Qf7 40. Qc3 Re5 41. Qc4
Rf5 42. Qd4 Qf6 43. Qa4 Qg6 44. Qd4 g4 45. Bxg4 Rxf2+ 46. Kh3 R8f6 47. Qe3 h5
48. Bd7 R6f5 0-1

[Event "51st World Juniors"]
[Site "Athens GRE"]
[Date "2012.08.05"]
[Round "4.11"]
[White "Huschenbeth, Niclas"]
[Black "Soors, Stef"]
[Result "0-1"]
[WhiteTitle "GM"]
[BlackTitle "FM"]
[WhiteElo "2532"]
[BlackElo "2364"]
[WhiteFideId "24604747"]
[BlackFideId "209511"]
[EventDate "2012.08.02"]

1. e4 c6 2. d4 d5 3. e5 Bf5 4. Nf3 e6 5. Be2 Ne7 6. O-O h6 7. Nbd2 Nd7 8. Nb3
Bg6 9. a4 Nf5 10. a5 Rc8 11. Bd2 Be7 12. c4 O-O 13. c5 Bh5 14. Ne1 Bxe2 15. Qxe2
b6 16. cxb6 axb6 17. a6 c5 18. dxc5 bxc5 19. Ba5 Qe8 20. Nf3 Rb8 21. Qc2 Rb5 22.
Bc7 Qc8 23. a7 Qb7 24. g4 Ra8 25. gxf5 Rxb3 26. fxe6 fxe6 27. Nd2 Rxb2 28. Qc3
Rxd2 29. Qxd2 Qxc7 30. Qa2 c4 31. Rfb1 Nc5 32. Qa5 Qxa5 33. Rxa5 Nb3 0-1

[Event "51st World Juniors"]
[Site "Athens GRE"]
[Date "2012.08.05"]
[Round "4.12"]
[White "Rios, Cristhian Camilo"]
[Black "Holt, Conrad"]
[Result "1/2-1/2"]
[WhiteTitle "FM"]
[BlackTitle "IM"]
[WhiteElo "2398"]
[BlackElo "2498"]
[WhiteFideId "4403940"]
[BlackFideId "2034387"]
[EventDate "2012.08.02"]

1. d4 d5 2. c4 c6 3. Nc3 Nf6 4. Nf3 dxc4 5. a4 Bf5 6. Nh4 Bg4 7. h3 Bh5 8. g4
Bg6 9. Nxg6 hxg6 10. e4 e5 11. Bxc4 exd4 12. e5 Bb4 13. exf6 dxc3 14. Qxd8+ Kxd8
15. O-O gxf6 16. Rd1+ Nd7 17. bxc3 Bc5 18. Bxf7 Ke7 19. Bxg6 Rxh3 20. Re1+ Kf8
21. Kg2 Rxc3 22. Bb2 Rc4 23. Bf5 Rf4 24. f3 Ne5 25. Rh1 Kg8 26. Rad1 Re8 27.
Bxe5 Rxe5 28. Rd8+ Bf8 29. Rh6 Rexf5 30. gxf5 Rxf5 31. Rh4 Re5 32. Ra8 Ra5 33.
Rd4 Kf7 34. Rd7+ Ke6 35. Rxb7 Bc5 36. Re8+ Kd6 37. Ree7 Kd5 38. Rbd7+ Kc4 39.
Re6 Rxa4 40. Rxc6 f5 41. Rdc7 Ra5 42. Rf6 Rb5 43. Rxf5 a5 44. Rf6 a4 45. Ra6 Kb3
46. f4 a3 47. Rc8 Bd4 48. Rca8 Bb2 49. Kf3 Rd5 50. Rb8+ Kc2 51. Kg4 Rd4 52. Kg5
Rd2 53. f5 Rf2 1/2-1/2

[Event "51st World Juniors"]
[Site "Athens GRE"]
[Date "2012.08.05"]
[Round "4.13"]
[White "Velten, Paul"]
[Black "Heimann, Andreas"]
[Result "0-1"]
[WhiteTitle "FM"]
[BlackTitle "IM"]
[WhiteElo "2366"]
[BlackElo "2493"]
[WhiteFideId "681091"]
[BlackFideId "24624632"]
[EventDate "2012.08.02"]

1. d4 Nf6 2. c4 g6 3. Nc3 d5 4. Nf3 Bg7 5. e3 O-O 6. cxd5 Nxd5 7. Bc4 Nxc3 8.
bxc3 c5 9. O-O Qc7 10. Qe2 b6 11. Ba3 Bb7 12. Rac1 Nd7 13. e4 e6 14. Nd2 a6 15.
Bd3 b5 16. Bb1 Rfd8 17. Qe3 cxd4 18. cxd4 Qb6 19. e5 Rac8 20. Be7 Re8 21. Bd6
Bd5 22. h4 Qb7 23. Be4 Nb6 24. Bc5 Na4 25. Bxd5 exd5 26. Nb3 Qd7 27. Qf3 Qe6 28.
Bb4 Rc4 29. Bd2 Rec8 30. Be3 h5 31. g3 Bf8 32. Rxc4 Rxc4 33. Nc1 Nc3 34. Nd3 Qg4
35. Qf6 Qe6 36. Qd8 Qc8 37. Qg5 Ne4 38. Qf4 Rc2 39. Rc1 Rxc1+ 40. Bxc1 a5 41. e6
fxe6 42. f3 Qc2 43. Qe3 Nxg3 44. Nf4 Kh7 45. Bd2 Nf5 46. Qxe6 Nxd4 47. Qf7+ Bg7
48. Bc3 Qf5 49. Qxf5 Nxf5 50. Bxa5 Nxh4 51. Nxd5 Nxf3+ 52. Kh1 Be5 53. Kg2 Nh4+
54. Kh3 Nf5 55. Bd2 Kg7 56. Nb6 Kf7 57. Nd7 Bd4 58. Bg5 Nd6 59. Nb8 Ne4 60. Bc1
Ke6 61. Nc6 Bc5 62. Bb2 Nf2+ 63. Kh4 Nd3 64. Bc3 Kd5 65. Na5 Be7+ 0-1

[Event "51st World Juniors"]
[Site "Athens GRE"]
[Date "2012.08.05"]
[Round "4.14"]
[White "Oparin, Grigoriy"]
[Black "De Filomeno, Simone"]
[Result "1-0"]
[WhiteTitle "IM"]
[BlackTitle "FM"]
[WhiteElo "2488"]
[BlackElo "2358"]
[WhiteFideId "24125890"]
[BlackFideId "828688"]
[EventDate "2012.08.02"]

1. e4 c5 2. Nf3 Nc6 3. d4 cxd4 4. Nxd4 g6 5. Nc3 Bg7 6. Be3 Nf6 7. Bc4 d6 8. f3
Qb6 9. Nf5 Qxb2 10. Nxg7+ Kf8 11. Nd5 Nxd5 12. Bxd5 Kxg7 13. Rb1 Qc3+ 14. Kf2
Rd8 15. h4 h5 16. Rb3 Qf6 17. c3 Kf8 18. Qd2 Ke8 19. Bg5 Qg7 20. Rhb1 f6 21. Bh6
Qh7 22. Bf4 e6 23. Bxc6+ bxc6 24. Bxd6 e5 25. c4 Be6 26. Rb7 Rd7 27. Rxd7 Qxd7
28. c5 Kf7 29. Qh6 Rg8 30. g4 hxg4 31. h5 g3+ 32. Kg1 gxh5 33. Qh7+ Rg7 34.
Qxh5+ Rg6 35. Rb8 Qc8 36. Rxc8 Bxc8 37. Bf8 1-0

[Event "51st World Juniors"]
[Site "Athens GRE"]
[Date "2012.08.05"]
[Round "4.15"]
[White "Griffiths, Ryan Rhys"]
[Black "Shyam, Sundar M."]
[Result "1/2-1/2"]
[WhiteTitle "FM"]
[BlackTitle "IM"]
[WhiteElo "2362"]
[BlackElo "2486"]
[WhiteFideId "2502054"]
[BlackFideId "5019141"]
[EventDate "2012.08.02"]

1. d4 Nf6 2. c4 c5 3. d5 e5 4. Nc3 d6 5. e4 Nbd7 6. Bd3 h5 7. h4 Be7 8. g3 a6 9.
a3 Rb8 10. b4 g6 11. f3 Kf8 12. Be3 Kg8 13. Rh2 Ne8 14. Nh3 a5 15. b5 Nf8 16.
Nf2 f5 17. Qc2 Ng7 18. O-O-O b6 19. Nh3 Nh7 20. Rf1 Rb7 21. Qd2 Qf8 22. f4 Bf6
23. Ng5 fxe4 24. Ncxe4 Nf5 25. Rhf2 Nxg5 26. fxg5 Bd8 27. Be2 Rf7 28. Kb2 Rhh7
29. Ka2 Be7 30. Kb2 Bd7 31. Ka2 Bc8 32. Kb2 Bd7 33. Ka2 1/2-1/2

[Event "51st World Juniors"]
[Site "Athens GRE"]
[Date "2012.08.05"]
[Round "4.16"]
[White "Aggelis, Nikolaos"]
[Black "Indjic, Aleksandar"]
[Result "0-1"]
[WhiteTitle "FM"]
[BlackTitle "IM"]
[WhiteElo "2352"]
[BlackElo "2481"]
[WhiteFideId "4213220"]
[BlackFideId "911925"]
[EventDate "2012.08.02"]

1. d4 Nf6 2. Nf3 c5 3. dxc5 Qa5+ 4. Nbd2 Qxc5 5. Nb3 Qc7 6. Bg5 Nc6 7. g3 e6 8.
Bxf6 gxf6 9. Bg2 f5 10. O-O Bg7 11. Nfd4 a6 12. c3 f4 13. Qd2 fxg3 14. hxg3 h5
15. Qg5 Qe5 16. Qxe5 Nxe5 17. Na5 Rb8 18. Nf3 Nxf3+ 19. Bxf3 b6 20. Nc4 Ke7 21.
Rfd1 d5 22. Nd2 f5 23. c4 d4 24. Rac1 e5 25. Bd5 h4 26. Kg2 hxg3 27. fxg3 Bh6
28. Rc2 Bd7 29. Rh1 Be3 30. Rxh8 Rxh8 31. b4 Kd6 32. g4 b5 33. gxf5 bxc4 34.
Bxc4 Bxf5 35. Bd3 Rg8+ 36. Kh1 Bxd3 37. exd3 Bxd2 38. Rxd2 e4 39. Rg2 Rh8+ 40.
Kg1 exd3 41. Rg3 Kd5 42. Rxd3 Kc4 43. Ra3 d3 44. Kf2 Re8 45. Rxa6 Kxb4 46. a4 d2
47. Rd6 Kc3 48. Rc6+ Kb2 49. Rb6+ Kc2 50. Rc6+ Kd1 51. Rd6 Re2+ 52. Kf1 Re1+ 53.
Kf2 Kc2 0-1

[Event "51st World Juniors"]
[Site "Athens GRE"]
[Date "2012.08.05"]
[Round "4.17"]
[White "Stanciu, Alexandru-Ovidiu"]
[Black "Urkedal, Frode"]
[Result "0-1"]
[BlackTitle "IM"]
[WhiteElo "2342"]
[BlackElo "2473"]
[WhiteFideId "1217674"]
[BlackFideId "1506102"]
[EventDate "2012.08.02"]

1. e4 c5 2. Nf3 d6 3. d4 cxd4 4. Nxd4 Nf6 5. Nc3 g6 6. Be3 Bg7 7. f3 Nc6 8. Qd2
O-O 9. g4 Be6 10. Nxe6 fxe6 11. Bh3 Ne8 12. f4 Qa5 13. g5 Nc7 14. O-O d5 15. Ne2
Qxd2 16. Bxd2 dxe4 17. c3 Rad8 18. Be1 e5 19. f5 Nd5 20. fxg6 Rxf1+ 21. Bxf1
hxg6 22. Ng3 e3 23. Rd1 e6 24. Bh3 Kf7 25. Bg4 Nf4 26. Rxd8 Nxd8 27. Kf1 Ke7 28.
h4 Nf7 29. Bf3 Nd6 30. b3 b6 31. Ne4 Nf5 32. Be2 Kd7 33. Bb5+ Kc7 34. a4 Nd6 35.
Nxd6 Kxd6 36. Bg3 Kd5 37. Bxf4 exf4 38. Ke2 Bxc3 39. Bd3 Kd4 40. Bxg6 e5 0-1

[Event "51st World Juniors"]
[Site "Athens GRE"]
[Date "2012.08.05"]
[Round "4.18"]
[White "Hansen, Eric"]
[Black "Kleinman, Michael"]
[Result "0-1"]
[WhiteTitle "IM"]
[BlackTitle "FM"]
[WhiteElo "2472"]
[BlackElo "2330"]
[WhiteFideId "2606771"]
[BlackFideId "2609479"]
[EventDate "2012.08.02"]

1. e4 c5 2. Nf3 e6 3. d4 cxd4 4. Nxd4 Nc6 5. Nc3 Qc7 6. Be3 a6 7. Qd2 Nf6 8. f3
h5 9. O-O-O Be7 10. Qf2 d6 11. h3 b5 12. Nxc6 Qxc6 13. Bd3 h4 14. Kb1 b4 15. Ne2
e5 16. Bg5 Nd7 17. Bxe7 Kxe7 18. Qe3 a5 19. f4 Qc5 20. Qd2 Nf6 21. Rhf1 Be6 22.
fxe5 dxe5 23. Qg5 Rh5 24. Qxg7 Ne8 25. Qg8 f5 0-1

[Event "51st World Juniors"]
[Site "Athens GRE"]
[Date "2012.08.05"]
[Round "4.19"]
[White "Codenotti, Marco"]
[Black "Pavlidis, Antonios"]
[Result "1/2-1/2"]
[WhiteTitle "FM"]
[BlackTitle "IM"]
[WhiteElo "2314"]
[BlackElo "2466"]
[WhiteFideId "800015"]
[BlackFideId "4212312"]
[EventDate "2012.08.02"]

1. e4 c5 2. c3 Qa5 3. Nf3 d6 4. Bc4 Nf6 5. d3 e6 6. O-O Be7 7. Re1 Nc6 8. a3 d5
9. Ba2 O-O 10. Bg5 Qd8 11. e5 Nd7 12. Bxe7 Qxe7 13. b4 f6 14. exf6 Qxf6 15. bxc5
Nde5 16. d4 Nxf3+ 17. Qxf3 Qxf3 18. gxf3 Rxf3 19. Re3 Rf4 20. Nd2 b6 21. cxb6
axb6 22. Bb3 Bd7 23. Rf3 Rf6 24. Rxf6 gxf6 25. f4 Ne7 26. c4 Ba4 27. Rb1 Bc6 28.
cxd5 Bxd5 29. Bxd5 Nxd5 30. f5 exf5 31. Rb5 Rd8 32. Nc4 Nc3 33. Rxb6 Rxd4 34.
Ne3 f4 35. Ng4 Ra4 1/2-1/2

[Event "51st World Juniors"]
[Site "Athens GRE"]
[Date "2012.08.05"]
[Round "4.20"]
[White "Dounis, Alexandros"]
[Black "Antipov, Mikhail Al."]
[Result "1/2-1/2"]
[BlackTitle "IM"]
[WhiteElo "2298"]
[BlackElo "2462"]
[WhiteFideId "4213238"]
[BlackFideId "4107012"]
[EventDate "2012.08.02"]

1. e4 c5 2. Nf3 d6 3. d4 cxd4 4. Nxd4 Nf6 5. Nc3 a6 6. Be2 e6 7. O-O Be7 8. a4
Qc7 9. f4 O-O 10. Be3 Nc6 11. Qe1 Nxd4 12. Bxd4 e5 13. Be3 exf4 14. Rxf4 Be6 15.
Qg3 Nd7 16. Bd4 Ne5 17. Rd1 Rfe8 18. h4 Rac8 19. Kh1 Qa5 20. Rff1 g6 21. h5 Bf8
22. Qf2 Bg7 23. Qf4 Rf8 24. h6 Bh8 25. Qd2 Qd8 26. Be3 Nc4 27. Bxc4 Rxc4 28. Bg5
Qd7 29. Qxd6 Qxd6 30. Rxd6 Be5 31. Rb6 Rb8 32. Bf4 Bxf4 33. Rxf4 Rc6 34. Rb4 Kf8
35. Rf3 Bc4 36. a5 Be6 37. Rd3 Rc5 38. Nd5 Rxc2 39. Nf6 Ke7 40. Nxh7 Rc5 41. Rc3
Rh5+ 42. Kg1 Rxh6 43. Ng5 Rh5 44. Rc7+ Kf6 45. Nxe6 fxe6 46. Rbxb7 Rxb7 47. Rxb7
Rxa5 48. Kf2 Ke5 49. Kf3 Ra4 50. Rb6 1/2-1/2

[Event "51st World Juniors"]
[Site "Athens GRE"]
[Date "2012.08.05"]
[Round "4.21"]
[White "Mihok, Oliver"]
[Black "Aghayev, Miragha"]
[Result "1-0"]
[WhiteTitle "IM"]
[WhiteElo "2456"]
[BlackElo "2187"]
[WhiteFideId "728012"]
[BlackFideId "818070"]
[EventDate "2012.08.02"]

1. e4 e5 2. Nf3 Nc6 3. Bb5 Nf6 4. d3 Bc5 5. O-O d6 6. c3 O-O 7. Nbd2 a6 8. Bxc6
bxc6 9. d4 exd4 10. cxd4 Bb6 11. b3 d5 12. e5 Ne4 13. Ba3 Re8 14. Rc1 Bg4 15.
Rxc6 Qd7 16. Qc1 Nxd2 17. Nxd2 Bxd4 18. Rxc7 Qf5 19. Bb2 Bxe5 20. Bxe5 Qxe5 21.
h3 Rac8 22. Rc6 Bd7 23. Rxc8 Rxc8 24. Nf3 Qe4 25. Qd1 Qc2 26. Qa1 a5 27. Nd4 Qg6
28. Kh2 a4 29. Rc1 Qd6+ 30. Kg1 Rb8 31. Qc3 h6 32. Qc7 Qxc7 33. Rxc7 axb3 34.
axb3 Be6 35. Rc2 Kf8 36. Kf1 Rb4 37. Rd2 Rb6 38. Ra2 Ke7 39. Ke2 Kd6 40. Kd3 h5
41. Ra7 Bd7 42. h4 g6 43. g3 f6 44. Ra8 Be6 45. f4 Bf7 46. Kc3 Rb7 47. Ra6+ Ke7
48. Nc6+ Kd7 49. b4 Bg8 50. Nd4 Ke7 51. b5 Bf7 52. Kb4 Be8 53. Kc5 Bd7 54. b6 1-0

[Event "51st World Juniors"]
[Site "Athens GRE"]
[Date "2012.08.05"]
[Round "4.22"]
[White "Podolsky, Anton"]
[Black "Debashis, Das"]
[Result "0-1"]
[BlackTitle "IM"]
[WhiteElo "2246"]
[BlackElo "2446"]
[WhiteFideId "14119668"]
[BlackFideId "5024854"]
[EventDate "2012.08.02"]

1. d4 d5 2. c4 c6 3. cxd5 cxd5 4. Nc3 Nf6 5. Nf3 Nc6 6. Bf4 a6 7. e3 Bg4 8. Rc1
Qb6 9. Qc2 Bxf3 10. gxf3 e6 11. a3 Be7 12. Bd3 Rc8 13. Rg1 Nh5 14. Bg5 f6 15.
Bh4 g5 16. Na4 Qd8 17. Bxh7 gxh4 18. Qg6+ Kd7 19. Qxh5 Qa5+ 20. Nc3 Bd6 21. Rg7+
Ne7 22. Qxh4 Bxa3 23. bxa3 Rxc3 24. Rxc3 Qxc3+ 25. Kf1 Qxa3 26. Qxf6 Rxh7 0-1

[Event "51st World Juniors"]
[Site "Athens GRE"]
[Date "2012.08.05"]
[Round "4.23"]
[White "Schreiner, Peter"]
[Black "Nishant, Malhotra"]
[Result "1/2-1/2"]
[WhiteTitle "FM"]
[WhiteElo "2444"]
[BlackElo "2076"]
[WhiteFideId "1621645"]
[BlackFideId "5099129"]
[EventDate "2012.08.02"]

1. Nf3 Nf6 2. c4 e6 3. g3 d5 4. Bg2 Be7 5. O-O O-O 6. d4 Nbd7 7. Qc2 b6 8. cxd5
exd5 9. Bf4 c5 10. Nc3 Bb7 11. Rfd1 a6 12. dxc5 bxc5 13. Nh4 Nb6 14. Nf5 Re8 15.
Bg5 h6 16. Nxe7+ Qxe7 17. Bxf6 gxf6 18. Nxd5 Nxd5 19. Bxd5 Bxd5 20. Rxd5 Qxe2
21. Rxc5 Rad8 22. Rc1 Rd2 23. Qf5 Kg7 24. R5c4 h5 25. Rc6 Qe5 26. Qxe5 Rxe5 27.
R1c2 Ree2 28. Rxd2 Rxd2 29. Rb6 a5 30. a4 Rd4 31. b3 Rd1+ 32. Kg2 Rb1 33. Rb5
Kg6 34. Kf3 Rb2 35. Ke3 f5 36. f3 Rc2 37. h4 Rc3+ 38. Kf4 f6 39. Rb8 Rd3 40. Rb5
Rc3 41. g4 fxg4 42. fxg4 hxg4 43. h5+ Kh6 44. Kxg4 Rd3 45. Kf5 Rf3+ 46. Ke6 Kg7
47. Kd6 f5 48. Kc6 f4 49. Kb6 Rd3 50. Kxa5 f3 51. Kb4 Rd4+ 52. Kc3 Kf6 53. Rb6+
Kf7 54. Rb7+ Kf6 55. Kxd4 f2 56. Rb6+ Kf7 57. Rb7+ Ke6 58. Rb6+ Kf7 59. Rb7+ 1/2-1/2

[Event "51st World Juniors"]
[Site "Athens GRE"]
[Date "2012.08.05"]
[Round "4.24"]
[White "Sreeves, Clement"]
[Black "Gao, Rui"]
[Result "0-1"]
[BlackTitle "IM"]
[WhiteElo "2191"]
[BlackElo "2442"]
[WhiteFideId "2402564"]
[BlackFideId "8602387"]
[EventDate "2012.08.02"]

1. e4 c5 2. Nf3 d6 3. d4 cxd4 4. Nxd4 Nf6 5. Nc3 a6 6. Be3 e5 7. Nb3 Be7 8. f3
Be6 9. Qd2 O-O 10. O-O-O a5 11. Kb1 a4 12. Nc1 Ra5 13. Qf2 Nbd7 14. a3 d5 15.
exd5 Nxd5 16. Nxd5 Rxd5 17. Rxd5 Bxd5 18. Bb5 Bc6 19. Bxc6 bxc6 20. Rd1 Qc7 21.
Nd3 Rb8 22. Ka2 Qd6 23. Qd2 Qd5+ 24. Ka1 Qc4 25. Nf2 Qb5 26. Qc3 Nf6 27. Bc1 Nd5
28. Qd3 Qb6 29. Ne4 Nf4 30. Qe3 Qxe3 31. Bxe3 Nxg2 32. Bf2 f5 33. Nc3 Ra8 34.
Rd7 Bf6 35. Rd6 e4 36. fxe4 Bxc3 37. bxc3 fxe4 38. Re6 Rf8 39. Bd4 e3 40. Re7
Rf2 41. Kb2 g6 42. h4 Rf5 43. Bxe3 Nxe3 44. Rxe3 Rf4 45. h5 gxh5 46. Re5 h4 47.
Rc5 h3 48. Rxc6 Rh4 0-1

[Event "51st World Juniors"]
[Site "Athens GRE"]
[Date "2012.08.05"]
[Round "4.25"]
[White "Naoum, Spyridon"]
[Black "Barbosa, Evandro Amorim"]
[Result "1/2-1/2"]
[BlackTitle "IM"]
[WhiteElo "2146"]
[BlackElo "2436"]
[WhiteFideId "4227506"]
[BlackFideId "2115824"]
[EventDate "2012.08.02"]

1. d4 Nf6 2. c4 g6 3. Nc3 d5 4. cxd5 Nxd5 5. e4 Nxc3 6. bxc3 Bg7 7. Bc4 c5 8.
Ne2 Nc6 9. Be3 O-O 10. O-O Bg4 11. f3 Bd7 12. Rb1 Qc7 13. dxc5 Na5 14. Bb3 Rfd8
15. Qc2 e6 16. Nc1 Be5 17. g3 Bb5 18. Ne2 Rd7 19. Rbd1 Rad8 20. Kf2 Bg7 21. Bf4
Be5 22. Be3 Bg7 23. Bf4 Be5 24. Be3 1/2-1/2

[Event "51st World Juniors"]
[Site "Athens GRE"]
[Date "2012.08.05"]
[Round "4.27"]
[White "Rombaldoni, Axel"]
[Black "Kalogridakis, Georgios"]
[Result "1-0"]
[WhiteTitle "IM"]
[WhiteElo "2494"]
[BlackElo "2017"]
[WhiteFideId "815837"]
[BlackFideId "4249666"]
[EventDate "2012.08.02"]

1. e4 c5 2. Nf3 e6 3. c3 d5 4. e5 d4 5. g3 Nc6 6. Bg2 Nge7 7. O-O Nd5 8. Re1 Be7
9. c4 Nc7 10. d3 O-O 11. h4 f5 12. exf6 Bxf6 13. Ng5 Bxg5 14. Bxg5 Qe8 15. Nd2
Qf7 16. Ne4 b6 17. Nd6 Qd7 18. Nxc8 Raxc8 19. Qa4 b5 20. cxb5 Nb4 21. Rad1 a6
22. a3 Nbd5 23. Qc4 Nxb5 24. Rxe6 Qf7 25. Rf1 Ndc7 26. Rc6 1-0

[Event "51st World Juniors"]
[Site "Athens GRE"]
[Date "2012.08.05"]
[Round "4.28"]
[White "Kanarek, Marcel"]
[Black "Grandadam, Nicolas"]
[Result "1/2-1/2"]
[WhiteTitle "IM"]
[BlackTitle "FM"]
[WhiteElo "2487"]
[BlackElo "2333"]
[WhiteFideId "1126822"]
[BlackFideId "681806"]
[EventDate "2012.08.02"]

1. d4 d5 2. c4 c6 3. Nc3 e6 4. Nf3 dxc4 5. a4 Bb4 6. e4 b5 7. Be2 Nf6 8. Qc2 Bb7
9. O-O a6 10. Bg5 h6 11. Bh4 Nbd7 12. Ne5 Qb6 13. Rad1 Nxe5 14. dxe5 Nd7 15. Kh1
Nxe5 16. f4 Ng6 17. Bg3 e5 18. f5 Nf4 19. Bxf4 exf4 20. e5 Bxc3 21. bxc3 O-O 22.
f6 Qe3 23. fxg7 Rfd8 24. Qf5 Qxe2 25. Qxf4 Qh5 26. Rxd8+ Rxd8 27. e6 f5 28. Qc7
Qe8 29. h3 Rd5 30. Qxb7 Qxe6 31. Qxa6 bxa4 32. Qxa4 Rd7 33. Qa5 Rf7 34. Qc5 Qd5
35. Qe3 Rxg7 36. Rf3 Kh7 37. Qf2 Qe5 38. Re3 Qd5 39. Rf3 Qe5 40. Re3 Qd5 41. Qe2
Rd7 42. Qf2 1/2-1/2

[Event "51st World Juniors"]
[Site "Athens GRE"]
[Date "2012.08.05"]
[Round "4.30"]
[White "Andersen, Mads"]
[Black "Minko, Vladimir"]
[Result "1-0"]
[WhiteTitle "IM"]
[WhiteElo "2464"]
[BlackElo "2257"]
[WhiteFideId "1413864"]
[BlackFideId "24146706"]
[EventDate "2012.08.02"]

1. d4 Nf6 2. c4 c5 3. d5 e6 4. Nc3 exd5 5. cxd5 Bd6 6. Nf3 O-O 7. Bg5 Bc7 8. d6
Ba5 9. e3 Qb6 10. Rb1 Ne4 11. Bd3 Nxg5 12. Nxg5 h6 13. Ne4 Nc6 14. O-O Bxc3 15.
bxc3 Qa5 16. Qh5 f5 17. Rb5 Qa3 18. Rb3 Qxa2 19. Bc4+ Kh8 20. Ng5 Ne5 21. Bd5
Qa6 22. Rd1 Qxd6 23. Bxb7 Qg6 24. Qxg6 Nxg6 25. Bxa8 Ba6 26. Ra3 Bb5 27. Bd5
hxg5 28. c4 Bc6 29. Bxc6 dxc6 30. Rxa7 Ne5 31. Ra5 1-0

[Event "51st World Juniors"]
[Site "Athens GRE"]
[Date "2012.08.05"]
[Round "4.32"]
[White "Krysa, Leandro"]
[Black "Stathopoulos, Ioannis"]
[Result "0-1"]
[WhiteTitle "IM"]
[WhiteElo "2438"]
[BlackElo "2216"]
[WhiteFideId "116807"]
[BlackFideId "4223098"]
[EventDate "2012.08.02"]

1. c4 Nf6 2. d4 e6 3. Nc3 Bb4 4. e3 O-O 5. Ne2 d5 6. a3 Bd6 7. c5 Be7 8. b4 b6
9. Nf4 a5 10. Bd2 c6 11. Nd3 Ba6 12. Rb1 axb4 13. axb4 Nbd7 14. b5 cxb5 15. c6
b4 16. Nxd5 Nxd5 17. cxd7 Qxd7 18. Nxb4 Nxb4 19. Bxb4 Bxf1 20. Kxf1 Qb5+ 21. Kg1
Bxb4 22. Qb3 Qa4 23. Qd3 Be7 24. h4 Rfc8 25. Rh3 Qc2 26. Qb5 Ra2 27. Rf1 Rb2 28.
Qd7 Qc7 29. Qa4 Rc2 0-1

[Event "51st World Juniors"]
[Site "Athens GRE"]
[Date "2012.08.05"]
[Round "4.34"]
[White "Michelakos, Panagiotis"]
[Black "Bluebaum, Matthias"]
[Result "0-1"]
[BlackTitle "IM"]
[WhiteElo "2185"]
[BlackElo "2424"]
[WhiteFideId "4216067"]
[BlackFideId "24651516"]
[EventDate "2012.08.02"]

1. d4 d5 2. c4 c6 3. Nf3 Nf6 4. Nbd2 Bf5 5. g3 h6 6. Bg2 e6 7. O-O Nbd7 8. b3
Bd6 9. Bb2 O-O 10. Ne5 Qe7 11. Re1 Rfd8 12. Qc1 Rac8 13. Nxd7 Qxd7 14. e4 dxe4
15. Nxe4 Bxe4 16. Bxe4 Nxe4 17. Rxe4 Be7 18. Bc3 Bf6 19. Qb2 b5 20. Rd1 Qb7 21.
Re3 b4 22. Be1 c5 23. Red3 Bxd4 24. Rxd4 cxd4 25. Rxd4 Rxd4 26. Qxd4 a5 27. Bd2
Qa8 28. Bf4 Rd8 29. Bd6 Qf3 30. c5 Qc3 31. Qh4 Re8 32. Qe4 Qd2 33. Qf3 f5 34. h4
Qd5 35. Qe2 Qc6 36. h5 Kf7 37. Qc4 Rc8 38. Qd3 Ra8 39. Qc4 Rd8 40. Qh4 Rxd6 41.
cxd6 Qxd6 42. Kh2 Qd2 43. Kg2 Ke8 44. Kg1 Kf8 45. Qc4 Qe1+ 46. Kh2 Qxf2+ 47. Kh3
Qb6 48. Qc8+ Ke7 49. Qg8 Qd4 50. Kg2 Qb2+ 51. Kh3 Qa1 52. Qa8 Qf1+ 53. Kh2 Qe2+
54. Kg1 Qd1+ 55. Kf2 Qd2+ 56. Kg1 Qd1+ 57. Kf2 Qc2+ 58. Kg1 Qb1+ 59. Kh2 Qxa2+
60. Kh3 Qa1 61. Qa7+ Kf6 62. Kh2 Qe5 0-1